000 00386nam a22001217a 4500
999 _c10079
_d10079
003 OSt
008 201218b ||||| |||| 00| 0 eng d
245 _aJournal of Information and Optimization Sciences
250 _a2015(May Vol.36 No.3, Jul Vol.36 No.4, Sep Vol.36 No.5, Nov Vol.36 No.6)
260 _aNew Delhi
_bTaru Publications
650 _aInformation Technology
942 _2ddc
_cBV